| 000 | 004320000a22001690004500 | ||
|---|---|---|---|
| 041 | 0 | _aSPA | |
| 082 | 0 | 4 | _aG 266.0092 N747e |
| 100 | 1 | _aNoble, John | |
| 245 | 1 | 0 | _aEncontré a Dios en Rusia / John Noble, Glenn D. Everett |
| 260 | _aMiami, FL., USA : Vida | ||
| 300 | _a224 Pag | ||
| 001 | 10722 | ||
| 942 | _cBK | ||
| 999 |
_c40183 _d40183 |
||
| 336 |
_atexto _btxt _2rdacontent |
||
| 337 |
_2rdamedia _asin mediación _bn |
||
| 338 |
_2rdacarrier _avolumen _bnc |
||